000 00471nam a2200169Ia 4500
003 OSt
005 20201202114813.0
008 190216s9999||||xx |||||||||||||| ||und||
040 _coclc
082 _a894.8123
_bSHY/S
100 _aShyamala, P R
_97115
245 0 _aShyamaranyam /
_cP R Shyamala
260 _bPoorna Publications,
_c1995.
_aKozhikode:
300 _a231p
650 _aNovel
942 _cBK
_2ddc
_h894.8123
_iSHY/S
_k894.8123
_mSHY/S
999 _c28285
_d28285